Albums studios de Daniel Balavoine - Statistiques

Statistiques générales
  • Ce quiz a été pris 8 fois
  • Le résultat moyen est 5 sur 8
Statistiques - réponses
Année Album % Correct
1985 Sauver l'amour
86%
1978 Le Chanteur
71%
1980 Un autre monde
71%
1979 Face amour / Face amère
57%
1977 Les Aventures de Simon et Gunther...
57%
1983 Loin des yeux de l'Occident
57%
1982 Vendeurs de larmes
57%
1975 De vous à elle en passant par moi
43%
Aucun quiz correspondant
Distribution des résultats
% des personnes avec chaque résultat
Percentile par nombre de réponses
Votre historique - résultats
Vous n’avez pas pris ce quiz